<?xml version="1.0" encoding="UTF-8"?>
<record
    xmlns:xsi="http://www.w3.org/2001/XMLSchema-instance"
    xsi:schemaLocation="http://www.loc.gov/MARC21/slim http://www.loc.gov/standards/marcxml/schema/MARC21slim.xsd"
    xmlns="http://www.loc.gov/MARC21/slim">

  <leader>00725nam a2200229Ia 4500</leader>
  <controlfield tag="008">210303s9999    xx            000 0 und d</controlfield>
  <datafield tag="016" ind1=" " ind2=" ">
    <subfield code="2">reto2022b</subfield>
  </datafield>
  <datafield tag="020" ind1=" " ind2=" ">
    <subfield code="a">0333143841</subfield>
  </datafield>
  <datafield tag="040" ind1=" " ind2=" ">
    <subfield code="a">NLN</subfield>
    <subfield code="b">English</subfield>
  </datafield>
  <datafield tag="050" ind1=" " ind2=" ">
    <subfield code="a">DK246</subfield>
    <subfield code="b">.E85</subfield>
  </datafield>
  <datafield tag="082" ind1=" " ind2=" ">
    <subfield code="a">947.08</subfield>
  </datafield>
  <datafield tag="245" ind1=" " ind2="0">
    <subfield code="a">ESSAYS in Honour of E. H. Carr /</subfield>
    <subfield code="c">edited by C. Abramsky, assisted by Beryl J. Williams</subfield>
  </datafield>
  <datafield tag="260" ind1=" " ind2=" ">
    <subfield code="a">London :</subfield>
    <subfield code="b">MacMillan,</subfield>
    <subfield code="c">1974</subfield>
  </datafield>
  <datafield tag="300" ind1=" " ind2=" ">
    <subfield code="a">viii, 387p.</subfield>
    <subfield code="b">1 leaf of plates, port. ;24cm</subfield>
  </datafield>
  <datafield tag="563" ind1=" " ind2=" ">
    <subfield code="a">(pbk)</subfield>
  </datafield>
  <datafield tag="650" ind1=" " ind2=" ">
    <subfield code="a">Carr, Edward, 1892</subfield>
    <subfield code="9">60106</subfield>
  </datafield>
  <datafield tag="650" ind1=" " ind2=" ">
    <subfield code="a">Russia </subfield>
    <subfield code="v">History</subfield>
    <subfield code="x">19th century</subfield>
    <subfield code="9">60107</subfield>
  </datafield>
  <datafield tag="650" ind1=" " ind2=" ">
    <subfield code="a">Russia</subfield>
    <subfield code="v">History</subfield>
    <subfield code="x">20th century</subfield>
    <subfield code="9">60108</subfield>
  </datafield>
  <datafield tag="700" ind1=" " ind2=" ">
    <subfield code="a">Abramsky, C. </subfield>
    <subfield code="e">edt</subfield>
    <subfield code="9">60109</subfield>
  </datafield>
  <datafield tag="700" ind1=" " ind2=" ">
    <subfield code="a">Williams, Beryl J.</subfield>
    <subfield code="e">edt</subfield>
    <subfield code="9">60110</subfield>
  </datafield>
  <datafield tag="942" ind1=" " ind2=" ">
    <subfield code="c">BK</subfield>
  </datafield>
  <datafield tag="999" ind1=" " ind2=" ">
    <subfield code="c">20573</subfield>
    <subfield code="d">20573</subfield>
  </datafield>
  <datafield tag="952" ind1=" " ind2=" ">
    <subfield code="0">0</subfield>
    <subfield code="1">0</subfield>
    <subfield code="2">lcc</subfield>
    <subfield code="4">0</subfield>
    <subfield code="7">0</subfield>
    <subfield code="a">LAG</subfield>
    <subfield code="b">MAIN</subfield>
    <subfield code="d">2021-03-04</subfield>
    <subfield code="l">0</subfield>
    <subfield code="o">DK246 .E85</subfield>
    <subfield code="p">2024-555555551000844</subfield>
    <subfield code="r">2021-03-04 00:00:00</subfield>
    <subfield code="w">2021-03-04</subfield>
    <subfield code="y">BK</subfield>
  </datafield>
</record>
